Countries That Border Countries That Border Russia (Map) - Statistics

General Stats
  • This quiz has been taken 42 times
  • The average score is 22 of 23
Answers on the Map
Answers color-coded by a green-red scale on the quiz's map according to % correct below.
 
Answer Stats
Country % Correct
Germany
100%
Afghanistan
97%
Armenia
97%
Czech Republic
97%
Hungary
97%
India
97%
Iran
97%
Laos
97%
Myanmar
97%
Nepal
97%
Pakistan
97%
Romania
97%
Slovakia
97%
South Korea
97%
Sweden
97%
Turkey
97%
Uzbekistan
97%
Vietnam
97%
Bhutan
94%
Kyrgyzstan
94%
Turkmenistan
94%
Moldova
91%
Tajikistan
91%
No matching quizzes found
Score Distribution
Percent of People with Each Score
Percentile by Number Answered
Your Score History
You have not taken this quiz